LIBRARY & INFORMATION CENTRE, KCAET, TAVANUR

ONLINE PUBLIC ACCESS CATALOGUE (OPAC)

Methods of test for soils part-13 direct shear test, IS:2720-1986 / (Record no. 9922)

MARC details
000 -LEADER
fixed length control field 00922cam a2200145ua 4500
041 ## - LANGUAGE CODE
Language code of text/sound track or separate title eng
082 ## - DEWEY DECIMAL CLASSIFICATION NUMBER
Classification number 624.131
Item number BUR/ME
245 ## - TITLE STATEMENT
Title Methods of test for soils part-13 direct shear test, IS:2720-1986 /
260 ## - PUBLICATION, DISTRIBUTION, ETC. (IMPRINT)
Place of publication :
Name of publisher Bureau of Indian standards ,
Year of publication 1987.
300 ## - PHYSICAL DESCRIPTION
Number of Pages 12 ; .
942 ## - ADDED ENTRY ELEMENTS (KOHA)
Koha item type Books
Holdings
Withdrawn status Lost status Damaged status Home library Current library Date acquired Full call number Accession Number Koha item type
      KAUAET KAUAET 07/04/2012 624.131 17322 Standards
free website counter